Влияние частоты импульсов на формирование структуры циркониевых оксидных покрытий, полученных из водных электролитов в условиях микроплазменного оксидирования; Перспективные материалы с иерархической структурой для новых технологий и надежных конструкций

Bibliographische Detailangaben
Parent link:Перспективные материалы с иерархической структурой для новых технологий и надежных конструкций.— 2015.— [С. 446-448]
Körperschaft: Национальный исследовательский Томский политехнический университет
Weitere Verfasser: Губайдулина Т. А. Татьяна Анатольевна, Сергеев В. П. Виктор Петрович, Кузьмин О. С. Олег Станиславович, Федорищева М. В. Марина Владимировна, Калашников М. П. Марк Петрович
Zusammenfassung:Заглавие с экрана
Sprache:Russisch
Veröffentlicht: 2015
Schriftenreihe:Тонкие пленки и многослойные покрытия как иерархически организованные структуры
Schlagworte:
Online-Zugang:http://www.ispms.ru/files/Conference/2015/tezis_2015.pdf#page=446
Format: Elektronisch Buchkapitel
KOHA link:https://koha.lib.tpu.ru/cgi-bin/koha/opac-detail.pl?biblionumber=646103

MARC

LEADER 00000nla2a2200000 4500
001 646103
005 20251120162648.0
035 |a (RuTPU)RU\TPU\network\11224 
035 |a RU\TPU\network\11221 
090 |a 646103 
100 |a 20160210d2015 k y0rusy50 ca 
101 0 |a rus 
102 |a RU 
105 |a a z 101zy 
135 |a drgn ---uucaa 
181 0 |a i  
182 0 |a b 
200 1 |a Влияние частоты импульсов на формирование структуры циркониевых оксидных покрытий, полученных из водных электролитов в условиях микроплазменного оксидирования  |f Т. А. Губайдулина [и др.] 
203 |a Текст  |c электронный 
225 1 |a Тонкие пленки и многослойные покрытия как иерархически организованные структуры 
300 |a Заглавие с экрана 
337 |a Adobe Reader 
463 1 |0 (RuTPU)RU\TPU\network\11053  |t Перспективные материалы с иерархической структурой для новых технологий и надежных конструкций  |o тезисы докладов Международной конференции, 21-25 сентября 2015 г., Томск  |f Российская академия наук (РАН), Сибирское отделение (СО), Институт физики прочности и материаловедения (ИФПМ)  |v [С. 446-448]  |d 2015 
610 1 |a электронный ресурс 
610 1 |a труды учёных ТПУ 
610 1 |a частоты 
610 1 |a импульсы 
610 1 |a структуры 
610 1 |a циркониевые покрытия 
610 1 |a оксидные покрытия 
610 1 |a водные электролиты 
610 1 |a микроплазменное оксидирование 
610 1 |a теплозащитные покрытия 
701 1 |a Губайдулина  |b Т. А.  |c химик  |c ведущий инженер Томского политехнического университета  |f 1949-  |g Татьяна Анатольевна  |3 (RuTPU)RU\TPU\pers\33821 
701 1 |a Сергеев  |b В. П.  |c специалист в области материаловедения  |c профессор Томского политехнического университета, доктор технических наук  |f 1949-  |g Виктор Петрович  |3 (RuTPU)RU\TPU\pers\25827  |9 11700 
701 1 |a Кузьмин  |b О. С.  |c физик  |c инженер Томского политехнического университета  |f 1961-  |g Олег Станиславович  |3 (RuTPU)RU\TPU\pers\33925 
701 1 |a Федорищева  |b М. В.  |c физик  |c доцент Томского политехнического университета, кандидат физико-математических наук  |f 1958-  |g Марина Владимировна  |3 (RuTPU)RU\TPU\pers\35739 
701 1 |a Калашников  |b М. П.  |c физик  |c инженер Томского политехнического университета  |g Марк Петрович  |3 (RuTPU)RU\TPU\pers\31797 
712 0 2 |a Национальный исследовательский Томский политехнический университет  |c (2009- )  |9 26305 
801 1 |a RU  |b 63413507  |c 20101016 
801 2 |a RU  |b 63413507  |c 20160210  |g RCR 
856 4 |u http://www.ispms.ru/files/Conference/2015/tezis_2015.pdf#page=446 
942 |c CF